000 00288nam a22001337a 4500
008 171010b xxu||||| |||| 00| 0 eng d
020 _a0134445392
041 _aeng
080 _23RD
_a316
100 _a50
101 _aSOC
245 _aHUMAN DEVELOPMENT
_cCRAIG,G.J
942 _2udc
_cBK
999 _c32950
_d32950